[Event "Krakow int."]
[Site "Krakow POL"]
[Date "2017.07.01"]
[Round "2.4"]
[White "Golubka, Petro"]
[Black "Czarkowski, Tomasz"]
[Result "1-0"]
[WhiteElo "2443"]
[BlackElo "1922"]
[WhiteFideId "-1"]
[BlackFideId "-1"]
[PlyCount "39"]
[GameId "2130307631956300"]
[EventDate "2017.07.01"]
[EventType "swiss"]
[EventRounds "7"]
[EventCountry "POL"]
[SourceTitle "The Week in Chess 1183"]
[Source "Mark Crowther"]
[SourceDate "2017.07.10"]
[SourceVersion "1"]
[SourceVersionDate "2017.07.10"]
[SourceQuality "2"]

1. d4 d5 2. c4 e6 3. Nc3 Nf6 4. Nf3 Be7 5. Bg5 O-O 6. e3 h6 7. Bxf6 Bxf6 8. Qc2 Nc6 9. a3 Ne7 10. O-O-O c6 11. h4 dxc4 12. g4 Ng6 13. g5 hxg5 14. hxg5 Bxg5 15. Bxc4 Bh6 16. Ne4 Qe7 17. Ne5 Nh4 18. f4 Nf5 19. Ng4 b5 20. Nef6+ 1-0

[Event "Krakow int."]
[Site "Krakow POL"]
[Date "2017.07.02"]
[Round "3.3"]
[White "Dziodzio, Angelika"]
[Black "Golubka, Petro"]
[Result "0-1"]
[WhiteElo "2118"]
[BlackElo "2443"]
[WhiteFideId "-1"]
[BlackFideId "-1"]
[PlyCount "62"]
[GameId "2130307631956303"]
[EventDate "2017.07.01"]
[EventType "swiss"]
[EventRounds "7"]
[EventCountry "POL"]
[SourceTitle "The Week in Chess 1183"]
[Source "Mark Crowther"]
[SourceDate "2017.07.10"]
[SourceVersion "1"]
[SourceVersionDate "2017.07.10"]
[SourceQuality "2"]

1. c4 b6 2. Nc3 Bb7 3. d4 e6 4. e3 f5 5. Nf3 Nf6 6. a3 g6 7. Bd3 Bg7 8. O-O O-O 9. Qe2 Ne4 10. Bd2 d6 11. Rad1 Nd7 12. Bc1 Qe7 13. Ne1 Nxc3 14. bxc3 c5 15. Bb2 e5 16. Qd2 Rad8 17. Be2 e4 18. Nc2 g5 19. f4 exf3 20. gxf3 g4 21. Bc1 Nf6 22. d5 gxf3 23. Bxf3 Ne4 24. Bxe4 fxe4 25. Rf4 Be5 26. Qg2+ Kh8 27. Qxe4 Bc8 28. Kh1 Qg7 29. Rxf8+ Rxf8 30. Rg1 Bf5 31. Qh4 Qe7 0-1

[Event "Krakow int."]
[Site "Krakow POL"]
[Date "2017.07.03"]
[Round "4.2"]
[White "Golubka, Petro"]
[Black "Grabarczyk, Miroslaw"]
[Result "1/2-1/2"]
[WhiteElo "2443"]
[BlackElo "2447"]
[WhiteFideId "-1"]
[BlackFideId "-1"]
[PlyCount "28"]
[GameId "2130307631956306"]
[EventDate "2017.07.01"]
[EventType "swiss"]
[EventRounds "7"]
[EventCountry "POL"]
[SourceTitle "The Week in Chess 1183"]
[Source "Mark Crowther"]
[SourceDate "2017.07.10"]
[SourceVersion "1"]
[SourceVersionDate "2017.07.10"]
[SourceQuality "2"]

1. e4 e5 2. Bc4 Nc6 3. Nc3 Nf6 4. d3 Na5 5. Nge2 c6 6. a3 Nxc4 7. dxc4 d6 8. Qd3 Be7 9. Bg5 h6 10. Bh4 Be6 11. f4 exf4 12. Nxf4 Ng4 13. Bxe7 Qxe7 14. Qg3 O-O 1/2-1/2

[Event "Krakow int."]
[Site "Krakow POL"]
[Date "2017.07.03"]
[Round "5.2"]
[White "Gritsak, Orest"]
[Black "Golubka, Petro"]
[Result "1/2-1/2"]
[WhiteElo "2497"]
[BlackElo "2443"]
[WhiteFideId "-1"]
[BlackFideId "-1"]
[PlyCount "23"]
[GameId "2130307631956310"]
[EventDate "2017.07.01"]
[EventType "swiss"]
[EventRounds "7"]
[EventCountry "POL"]
[SourceTitle "The Week in Chess 1183"]
[Source "Mark Crowther"]
[SourceDate "2017.07.10"]
[SourceVersion "1"]
[SourceVersionDate "2017.07.10"]
[SourceQuality "2"]

1. Nf3 b6 2. g3 Bb7 3. Bg2 e6 4. O-O Nf6 5. c4 Be7 6. d4 O-O 7. Nc3 Ne4 8. Qc2 Nxc3 9. Qxc3 Be4 10. Rd1 d6 11. Qe3 d5 12. Ne5 1/2-1/2

[Event "Krakow int."]
[Site "Krakow POL"]
[Date "2017.07.04"]
[Round "6.3"]
[White "Golubka, Petro"]
[Black "Gbyl, Andrzej"]
[Result "1/2-1/2"]
[WhiteElo "2443"]
[BlackElo "2238"]
[WhiteFideId "-1"]
[BlackFideId "-1"]
[PlyCount "43"]
[GameId "2130307631956315"]
[EventDate "2017.07.01"]
[EventType "swiss"]
[EventRounds "7"]
[EventCountry "POL"]
[SourceTitle "The Week in Chess 1183"]
[Source "Mark Crowther"]
[SourceDate "2017.07.10"]
[SourceVersion "1"]
[SourceVersionDate "2017.07.10"]
[SourceQuality "2"]

1. e4 e6 2. d4 d5 3. Bd3 Nf6 4. Bg5 c5 5. exd5 Qxd5 6. Nf3 cxd4 7. O-O Nc6 8. c3 Bd7 9. Qe2 Be7 10. Nbd2 dxc3 11. bxc3 Qa5 12. Nc4 Qc7 13. Nd4 Nxd4 14. cxd4 h6 15. Bh4 Qf4 16. Bg3 Qxd4 17. Rfd1 Qg4 18. Qb2 Bc6 19. Ne5 Qb4 20. Qxb4 Bxb4 21. Nxc6 bxc6 22. Rac1 1/2-1/2

[Event "Krakow int."]
[Site "Krakow POL"]
[Date "2017.07.05"]
[Round "7.4"]
[White "Chmiel, M."]
[Black "Golubka, Petro"]
[Result "1/2-1/2"]
[WhiteElo "2208"]
[BlackElo "2443"]
[WhiteFideId "-1"]
[BlackFideId "-1"]
[PlyCount "76"]
[GameId "2130307631960416"]
[EventDate "2017.07.01"]
[EventType "swiss"]
[EventRounds "7"]
[EventCountry "POL"]
[SourceTitle "The Week in Chess 1183"]
[Source "Mark Crowther"]
[SourceDate "2017.07.10"]
[SourceVersion "1"]
[SourceVersionDate "2017.07.10"]
[SourceQuality "2"]

1. d4 Nf6 2. Bf4 g6 3. Nc3 c5 4. d5 Bg7 5. e4 d6 6. Qd2 h6 7. Nf3 Bg4 8. e5 Nh5 9. e6 fxe6 10. Bd3 g5 11. Bg6+ Kf8 12. Be3 e5 13. h3 Bxf3 14. gxf3 Nf4 15. Bxf4 exf4 16. Qd3 Nd7 17. h4 Bxc3+ 18. bxc3 Ne5 19. Qe4 Kg7 20. Bf5 b5 21. hxg5 h5 22. Qxf4 Qa5 23. O-O Qxc3 24. Be4 Raf8 25. Qe3 Qxe3 26. fxe3 Nc4 27. Rf2 Nxe3 28. Re1 Nc4 29. Bd3 Ne5 30. f4 c4 31. fxe5 cxd3 32. exd6 exd6 33. cxd3 Kg6 34. Re6+ Kxg5 35. Rg2+ Kf5 36. Rf2+ Kg5 37. Rg2+ Kf5 38. Rf2+ Kg5 1/2-1/2

[Event "Rhein Main op-A 20th"]
[Site "Bad Homburg"]
[Date "2017.06.14"]
[Round "1"]
[White "Golubka, Petro"]
[Black "Browning, Alex"]
[Result "1-0"]
[WhiteElo "2440"]
[BlackElo "2005"]
[WhiteFideId "-1"]
[BlackFideId "-1"]
[PlyCount "65"]
[GameId "1131958912225280"]
[EventDate "2017.06.14"]
[EventType "swiss"]
[EventRounds "7"]
[EventCountry "GER"]
[SourceTitle "EXT 2018"]
[Source "ChessBase"]
[SourceDate "2017.10.13"]
[SourceVersion "1"]
[SourceVersionDate "2017.10.13"]
[SourceQuality "1"]

1. e4 c5 2. Nf3 d6 3. d4 cxd4 4. Nxd4 Nf6 5. Nc3 a6 6. Nb3 e5 7. f4 Nbd7 8. g4 h6 9. g5 Ng8 10. h4 exf4 11. Bxf4 hxg5 12. Bxg5 Be7 13. Bxe7 Qxe7 14. Qg4 Ngf6 15. Qxg7 Rg8 16. Qh6 Nxe4 17. O-O-O Nxc3 18. bxc3 Rg6 19. Qh8+ Qf8 20. Qd4 Ne5 21. h5 Qh6+ 22. Kb2 Rf6 23. c4 Bg4 24. Re1 Rf4 25. Qb6 Kf8 26. Kb1 a5 27. Rxe5 a4 28. Qxb7 axb3 29. Qxa8+ Kg7 30. Re2 Bxe2 31. Bxe2 bxc2+ 32. Kxc2 Qh7+ 33. Kb3 1-0

[Event "Rhein Main op-A 20th"]
[Site "Bad Homburg"]
[Date "2017.06.15"]
[Round "2"]
[White "Schroeder, Juergen"]
[Black "Golubka, Petro"]
[Result "0-1"]
[WhiteElo "2112"]
[BlackElo "2440"]
[WhiteFideId "-1"]
[BlackFideId "-1"]
[PlyCount "90"]
[GameId "1131959001006080"]
[EventDate "2017.06.14"]
[EventType "swiss"]
[EventRounds "7"]
[EventCountry "GER"]
[SourceTitle "EXT 2018"]
[Source "ChessBase"]
[SourceDate "2017.10.13"]
[SourceVersion "1"]
[SourceVersionDate "2017.10.13"]
[SourceQuality "1"]

1. e4 Nf6 2. d3 e5 3. Nf3 Nc6 4. g3 d5 5. Nbd2 Bc5 6. Bg2 O-O 7. O-O a5 8. a4 Re8 9. c3 Ba7 10. Qc2 h6 11. Rb1 d4 12. Nc4 Bg4 13. h3 Bd7 14. Bd2 Qe7 15. cxd4 Bxd4 16. Bc3 Qc5 17. Rbc1 Bxc3 18. Qxc3 Nh7 19. Ne3 Qd6 20. Qc5 Ng5 21. Nxg5 hxg5 22. Qxd6 cxd6 23. Nc4 Nd4 24. Rfe1 Ra6 25. Nd2 Bxa4 26. Nf3 Ne6 27. h4 g4 28. Nh2 Bb5 29. Nxg4 Bxd3 30. Ne3 Nd4 31. Rc7 b5 32. Rd1 Be2 33. Rdc1 a4 34. Nd5 Bc4 35. Bf1 Bxd5 36. exd5 Raa8 37. Rb7 Reb8 38. Rd7 Rd8 39. Rb7 Rdb8 40. Rd7 e4 41. f4 b4 42. Rcc7 Rf8 43. Ra7 e3 44. Bd3 Rxa7 45. Rxa7 e2 0-1

[Event "Rhein Main op-A 20th"]
[Site "Bad Homburg"]
[Date "2017.06.15"]
[Round "3"]
[White "Golubka, Petro"]
[Black "Engel, Berthold"]
[Result "1-0"]
[WhiteElo "2440"]
[BlackElo "2182"]
[WhiteFideId "-1"]
[BlackFideId "-1"]
[PlyCount "65"]
[GameId "1131959604023296"]
[EventDate "2017.06.14"]
[EventType "swiss"]
[EventRounds "7"]
[EventCountry "GER"]
[SourceTitle "EXT 2018"]
[Source "ChessBase"]
[SourceDate "2017.10.13"]
[SourceVersion "1"]
[SourceVersionDate "2017.10.13"]
[SourceQuality "1"]

1. d4 e6 2. e4 d5 3. Bd3 Nf6 4. Bg5 Be7 5. e5 Ng8 6. h4 Bxg5 7. hxg5 Qxg5 8. Nf3 Qe7 9. Qd2 Nc6 10. Rxh7 Rxh7 11. Bxh7 Nh6 12. Nc3 Bd7 13. O-O-O O-O-O 14. Rh1 f5 15. Bg6 Be8 16. Bxe8 Rxe8 17. Ne2 Rh8 18. Nf4 Nf7 19. Rxh8+ Nxh8 20. Nh5 Kd7 21. c4 dxc4 22. d5 Nd8 23. dxe6+ Kc8 24. Qg5 Qxe6 25. Nxg7 Qg6 26. Nxf5 Qb6 27. Ne7+ Kd7 28. Nd5 Qe6 29. Nf4 Qe7 30. e6+ Nxe6 31. Ne5+ Ke8 32. Qg8+ Nf8 33. Qxh8 1-0

[Event "Rhein Main op-A 20th"]
[Site "Bad Homburg"]
[Date "2017.06.16"]
[Round "4"]
[White "Schmid, Roland"]
[Black "Golubka, Petro"]
[Result "1-0"]
[WhiteElo "2293"]
[BlackElo "2440"]
[WhiteFideId "-1"]
[BlackFideId "-1"]
[PlyCount "59"]
[GameId "1131959693987840"]
[EventDate "2017.06.14"]
[EventType "swiss"]
[EventRounds "7"]
[EventCountry "GER"]
[SourceTitle "EXT 2018"]
[Source "ChessBase"]
[SourceDate "2017.10.13"]
[SourceVersion "1"]
[SourceVersionDate "2017.10.13"]
[SourceQuality "1"]

1. Nf3 g6 2. e4 Bg7 3. d4 c6 4. h3 d6 5. c4 Nf6 6. Nc3 O-O 7. Bg5 h6 8. Be3 e5 9. d5 Na6 10. Bd3 Nc5 11. Bc2 cxd5 12. cxd5 b6 13. b4 Nfxe4 14. Nxe4 Nxe4 15. Bxe4 f5 16. Bc2 f4 17. Bc1 e4 18. Nd4 Qg5 19. g4 e3 20. Nf3 Qf6 21. Rb1 Ba6 22. b5 Qc3+ 23. Kf1 Bb7 24. Bb2 Qc4+ 25. Kg2 Rae8 26. Bb3 Qxb5 27. Bxg7 Kxg7 28. Qd4+ Kg8 29. Ba4 Qe2 30. Rb2 1-0

[Event "Rhein Main op-A 20th"]
[Site "Bad Homburg"]
[Date "2017.06.17"]
[Round "5"]
[White "Golubka, Petro"]
[Black "Di Franco, Patricio"]
[Result "1-0"]
[WhiteElo "2440"]
[BlackElo "2119"]
[WhiteFideId "-1"]
[BlackFideId "-1"]
[PlyCount "75"]
[GameId "1131959778447360"]
[EventDate "2017.06.14"]
[EventType "swiss"]
[EventRounds "7"]
[EventCountry "GER"]
[SourceTitle "EXT 2018"]
[Source "ChessBase"]
[SourceDate "2017.10.13"]
[SourceVersion "1"]
[SourceVersionDate "2017.10.13"]
[SourceQuality "1"]

1. e4 c5 2. Nf3 g6 3. d4 cxd4 4. Nxd4 Bg7 5. Nb3 Nc6 6. Nc3 Nf6 7. Be3 O-O 8. Be2 d5 9. exd5 Nb4 10. Bf3 Bf5 11. Rc1 Rc8 12. g4 Bd7 13. Bc5 a5 14. a3 Na6 15. Be3 b5 16. g5 Ne8 17. Nd4 Nd6 18. O-O Nc4 19. Qe2 Nxe3 20. Qxe3 b4 21. axb4 Nxb4 22. Rfd1 Qe8 23. Bg2 Rc4 24. Nce2 Rc5 25. c4 Qc8 26. Nc6 Rxc6 27. dxc6 Bxc6 28. Bxc6 Nxc6 29. b3 Ne5 30. Qe4 f5 31. gxf6 Bxf6 32. Rc3 Ng4 33. Rf3 Kg7 34. Rd5 a4 35. bxa4 e6 36. Rb5 Nh6 37. Nf4 e5 38. Qb7+ 1-0

[Event "Rhein Main op-A 20th"]
[Site "Bad Homburg"]
[Date "2017.06.17"]
[Round "6"]
[White "De Mie, Mariska"]
[Black "Golubka, Petro"]
[Result "0-1"]
[WhiteElo "2270"]
[BlackElo "2440"]
[WhiteFideId "-1"]
[BlackFideId "-1"]
[PlyCount "70"]
[GameId "1131959859449856"]
[EventDate "2017.06.14"]
[EventType "swiss"]
[EventRounds "7"]
[EventCountry "GER"]
[SourceTitle "EXT 2018"]
[Source "ChessBase"]
[SourceDate "2017.10.13"]
[SourceVersion "1"]
[SourceVersionDate "2017.10.13"]
[SourceQuality "1"]

1. e4 c5 2. Nf3 d6 3. d4 cxd4 4. Nxd4 Nf6 5. Nc3 a6 6. h3 e6 7. g4 b5 8. g5 Nfd7 9. a3 Bb7 10. Be3 Nb6 11. Qg4 N8d7 12. f4 Rc8 13. f5 Rxc3 14. bxc3 Ne5 15. Qf4 Qc7 16. Be2 exf5 17. Nxf5 g6 18. Nh6 Qxc3+ 19. Kf2 Nbd7 20. Rad1 Be7 21. Bd4 Qc7 22. c3 f5 23. gxf6 Nxf6 24. Rhf1 Nxe4+ 25. Kg1 Bg5 26. Qh2 Bxh6 27. c4 bxc4 28. Rb1 Rf8 29. Rxf8+ Bxf8 30. Bxe5 dxe5 31. Rxb7 Qxb7 32. Qxe5+ Qe7 33. Qb8+ Kf7 34. Bxc4+ Kg7 35. Qb2+ Nf6 0-1

[Event "Titled Tuesday 2017.06.06"]
[Site "Chess.com INT"]
[Date "2017.06.06"]
[Round "2"]
[White "Martinez Reyes, Pedro Ramon"]
[Black "Golubka, Petro"]
[Result "0-1"]
[WhiteElo "2422"]
[BlackElo "2441"]
[WhiteFideId "-1"]
[BlackFideId "-1"]
[PlyCount "150"]
[GameId "1515677438435328"]
[EventDate "2017.06.06"]
[EventType "swiss (blitz)"]
[EventRounds "10"]
[EventCountry "NET"]
[SourceTitle "EXT 2021"]
[Source "ChessBase"]
[SourceDate "2020.10.23"]
[SourceVersion "1"]
[SourceVersionDate "2020.10.23"]
[SourceQuality "1"]

1. e4 e6 2. d4 d5 3. exd5 exd5 4. Bd3 c5 5. Qe2+ Be6 6. Nf3 Nc6 7. O-O cxd4 8. Nbd2 Be7 9. Nb3 Nf6 10. Nfxd4 Bg4 11. f3 Bd7 12. Re1 Kf8 13. Be3 h5 14. Bf2 h4 15. Bf5 Bd6 16. Nb5 Be7 17. Bd3 a6 18. N5d4 Bd6 19. Nf5 Bxf5 20. Bxf5 Qc7 21. h3 g6 22. Bd3 Kg7 23. Nd4 Ne5 24. Qd2 Rac8 25. Bf1 Rh5 26. c3 Ned7 27. Kh1 Bf4 28. Be3 Bg3 29. Bf2 Bf4 30. Be3 Bd6 31. Bf2 Rch8 32. Re2 R5h7 33. Qg5 Kf8 34. Qd2 Rh5 35. Rae1 R5h7 36. Nc2 Bf4 37. Ne3 Qd6 38. Qd1 Kg7 39. Nc2 Nh5 40. Bd4+ Ndf6 41. Re8 Ng3+ 42. Kg1 Nf5 43. Rxh8 Rxh8 44. Bf2 Bh2+ 45. Kh1 Bg3 46. Qd2 Bf4 47. Qd1 Nh5 48. Nd4 Nhg3+ 49. Kg1 Rd8 50. Nxf5+ Nxf5 51. Bd3 Ng3 52. Bc2 Kh6 53. Qd4 f6 54. Be3 Nh5 55. Qd3 f5 56. Bd4 Kg5 57. Bf2 Ng3 58. Bxg3 Bxg3 59. Qd2+ Bf4 60. Qe2 Qb6+ 61. Kh1 Qf6 62. Rd1 d4 63. cxd4 Rxd4 64. Bd3 Rd5 65. Qe8 Re5 66. Qg8 Re3 67. Bf1 Qxb2 68. Qd8+ Qf6 69. Qg8 Rc3 70. Qd5 Rc2 71. Bd3 Rb2 72. Bf1 Rf2 73. a4 Rb2 74. Qd3 b5 75. axb5 axb5 0-1

[Event "Titled Tuesday 2017.06.06"]
[Site "Chess.com INT"]
[Date "2017.06.06"]
[Round "3"]
[White "Golubka, Petro"]
[Black "Ostrovskiy, Andrey"]
[Result "0-1"]
[WhiteElo "2441"]
[BlackElo "2444"]
[WhiteFideId "-1"]
[BlackFideId "-1"]
[PlyCount "76"]
[GameId "1515677438554112"]
[EventDate "2017.06.06"]
[EventType "swiss (blitz)"]
[EventRounds "10"]
[EventCountry "NET"]
[SourceTitle "EXT 2021"]
[Source "ChessBase"]
[SourceDate "2020.10.23"]
[SourceVersion "1"]
[SourceVersionDate "2020.10.23"]
[SourceQuality "1"]

1. e4 e5 2. f4 exf4 3. Qf3 Ne7 4. d4 d5 5. e5 Ng6 6. Bd3 c5 7. Ne2 cxd4 8. Bxf4 Nc6 9. Bxg6 hxg6 10. Nd2 Bc5 11. Nb3 Bb4+ 12. Kd1 Qb6 13. Rf1 Be6 14. h3 Be7 15. Qf2 d3 16. cxd3 Qa6 17. Qf3 O-O 18. Nc3 d4 19. Nd5 Bxd5 20. Qxd5 Qxd3+ 21. Ke1 Bh4+ 22. g3 Bxg3+ 23. Bxg3 Qxg3+ 24. Rf2 Nxe5 25. Kf1 Qxh3+ 26. Qg2 Qxg2+ 27. Rxg2 d3 28. Rd1 Rac8 29. Rg3 Rc2 30. Nd4 Rxb2 31. Nf3 Nxf3 32. Rxf3 Rd8 33. Rdxd3 Rxd3 34. Rxd3 Rxa2 35. Rd8+ Kh7 36. Rd7 b5 37. Rxf7 b4 38. Rb7 a5 0-1

[Event "Titled Tuesday 2017.06.06"]
[Site "Chess.com INT"]
[Date "2017.06.06"]
[Round "4"]
[White "Manea, Alexandru"]
[Black "Golubka, Petro"]
[Result "1-0"]
[WhiteElo "2410"]
[BlackElo "2441"]
[WhiteFideId "-1"]
[BlackFideId "-1"]
[PlyCount "44"]
[GameId "1515677438832640"]
[EventDate "2017.06.06"]
[EventType "swiss (blitz)"]
[EventRounds "10"]
[EventCountry "NET"]
[SourceTitle "EXT 2021"]
[Source "ChessBase"]
[SourceDate "2020.10.23"]
[SourceVersion "1"]
[SourceVersionDate "2020.10.23"]
[SourceQuality "1"]

1. d4 d5 2. Nf3 e6 3. Bf4 c5 4. e3 Nc6 5. c4 Nf6 6. Nc3 cxd4 7. exd4 Bb4 8. Bd3 Ne4 9. Qc2 Qa5 10. O-O Nxc3 11. bxc3 Bxc3 12. cxd5 exd5 13. Rac1 Bb4 14. Ne5 O-O 15. Bxh7+ Kh8 16. Nxc6 bxc6 17. Bf5 Ba6 18. Qb3 Qa3 19. Qxa3 Bxa3 20. Rc3 Rfe8 21. Rxa3 Bxf1 22. Kxf1 g6 1-0

[Event "Titled Tuesday 2017.06.06"]
[Site "Chess.com INT"]
[Date "2017.06.06"]
[Round "6"]
[White "Golubka, Petro"]
[Black "Rakotomaharo, Fy Antenaina"]
[Result "1-0"]
[WhiteElo "2441"]
[BlackElo "2424"]
[WhiteFideId "-1"]
[BlackFideId "-1"]
[PlyCount "77"]
[GameId "1515677439606784"]
[EventDate "2017.06.06"]
[EventType "swiss (blitz)"]
[EventRounds "10"]
[EventCountry "NET"]
[SourceTitle "EXT 2021"]
[Source "ChessBase"]
[SourceDate "2020.10.23"]
[SourceVersion "1"]
[SourceVersionDate "2020.10.23"]
[SourceQuality "1"]

1. e4 c5 2. c3 d6 3. d4 Nf6 4. Bd3 g6 5. h3 Bg7 6. Nf3 O-O 7. O-O Nc6 8. Re1 cxd4 9. cxd4 Nb4 10. Bf1 d5 11. e5 Ne4 12. a3 Nc6 13. Nbd2 Bf5 14. Nb3 a5 15. Nh4 Be6 16. Be3 a4 17. Nc1 Qa5 18. Ne2 g5 19. Nf3 g4 20. hxg4 Bxg4 21. Nh2 Bxe2 22. Bxe2 e6 23. Nf1 h6 24. f3 Ng5 25. Ng3 f6 26. f4 Ne4 27. Nxe4 dxe4 28. Bc4 fxe5 29. Bxe6+ Kh8 30. dxe5 Rad8 31. Qg4 Nd4 32. Bxd4 Rxd4 33. Bf5 Qb6 34. Kh2 Rd2 35. Bxe4 Rf2 36. Bf3 Qxb2 37. Rad1 Qxa3 38. Rd7 Rg8 39. Bd5 1-0

[Event "Titled Tuesday 2017.06.06"]
[Site "Chess.com INT"]
[Date "2017.06.06"]
[Round "7"]
[White "Golubka, Petro"]
[Black "Dang, Hoang Son"]
[Result "1/2-1/2"]
[WhiteElo "2441"]
[BlackElo "2288"]
[WhiteFideId "-1"]
[BlackFideId "-1"]
[PlyCount "192"]
[GameId "1515677439942656"]
[EventDate "2017.06.06"]
[EventType "swiss (blitz)"]
[EventRounds "10"]
[EventCountry "NET"]
[SourceTitle "EXT 2021"]
[Source "ChessBase"]
[SourceDate "2020.10.23"]
[SourceVersion "1"]
[SourceVersionDate "2020.10.23"]
[SourceQuality "1"]

1. e4 g6 2. d4 Bg7 3. Nc3 d6 4. h3 a6 5. a4 b6 6. Nf3 Bb7 7. Be3 Nd7 8. Bc4 e6 9. Qd2 Ngf6 10. d5 exd5 11. exd5 O-O 12. O-O Re8 13. Rfe1 Ne5 14. Nxe5 Rxe5 15. Rad1 b5 16. axb5 axb5 17. Nxb5 Bxd5 18. Bf1 Ne4 19. Qc1 c6 20. Nd4 Qc7 21. Bf4 Re7 22. c4 Be5 23. cxd5 cxd5 24. Qxc7 Rxc7 25. Bxe5 dxe5 26. Nf3 Rc2 27. Bd3 Rxb2 28. Bxe4 dxe4 29. Nxe5 Raa2 30. Rxe4 Rxf2 31. Rg4 h5 32. Rg3 Rfe2 33. Nf3 Kg7 34. h4 Re4 35. Rd7 Rf4 36. Kh2 Re2 37. Rd4 Rf5 38. Kh3 Re3 39. Ng5 Re1 40. Rf3 Rxf3+ 41. gxf3 f6 42. Rd7+ Kg8 43. Ne4 f5 44. Ng5 Rg1 45. Kh2 Rc1 46. Kg3 Rc4 47. Ne6 Rc6 48. Nf4 Kf8 49. Ra7 Kg8 50. Rb7 Kf8 51. Rd7 Rb6 52. Rc7 Rd6 53. Kf2 Kg8 54. Ke3 Kf8 55. Nd3 Rd5 56. Rc6 Kf7 57. Nf4 Re5+ 58. Kf2 Ra5 59. Nxg6 Ra2+ 60. Kg3 Ra4 61. Nf4 Ra1 62. Rc7+ Kf6 63. Nxh5+ Kg6 64. Nf4+ Kh6 65. Rc6+ Kg7 66. Nh5+ Kh7 67. Kf4 Ra5 68. Ng3 Ra4+ 69. Kg5 f4 70. Nf5 Ra7 71. h5 Rf7 72. h6 Kh8 73. Rf6 Rd7 74. Kxf4 Kh7 75. Kg5 Ra7 76. f4 Rd7 77. Re6 Rd1 78. Re7+ Kh8 79. Kg6 Rg1+ 80. Kf6 Rg4 81. Ke5 Rg1 82. Ne3 Rg6 83. f5 Rxh6 84. f6 Kg8 85. Nf5 Rh1 86. Kf4 Rf1+ 87. Kg4 Rg1+ 88. Kh3 Kf8 89. Kh4 Rg6 90. f7 Rf6 91. Re5 Kxf7 92. Kg5 Rg6+ 93. Kf4 Re6 94. Nh6+ Rxh6 95. Rf5+ Rf6 96. Rxf6+ Kxf6 1/2-1/2

[Event "Titled Tuesday 2017.06.06"]
[Site "Chess.com INT"]
[Date "2017.06.06"]
[Round "8"]
[White "Virtanen, Teemu"]
[Black "Golubka, Petro"]
[Result "1-0"]
[WhiteElo "2177"]
[BlackElo "2441"]
[WhiteFideId "-1"]
[BlackFideId "-1"]
[PlyCount "97"]
[GameId "1515677440081920"]
[EventDate "2017.06.06"]
[EventType "swiss (blitz)"]
[EventRounds "10"]
[EventCountry "NET"]
[SourceTitle "EXT 2021"]
[Source "ChessBase"]
[SourceDate "2020.10.23"]
[SourceVersion "1"]
[SourceVersionDate "2020.10.23"]
[SourceQuality "1"]

1. c4 e6 2. g3 d5 3. Bg2 c5 4. cxd5 exd5 5. d4 cxd4 6. Nf3 Bb4+ 7. Nbd2 Nc6 8. O-O Nf6 9. a3 Bxd2 10. Qxd2 Ne4 11. Qd3 Nc5 12. Qd1 Ne6 13. b4 O-O 14. Bb2 Qb6 15. Rb1 Rd8 16. Ba1 a6 17. Qd2 Bd7 18. Rfd1 Rac8 19. a4 Be8 20. b5 axb5 21. axb5 Na5 22. Nxd4 Nc4 23. Qd3 Nc5 24. Qf3 Ne4 25. Qg4 Bd7 26. Qh5 Nf6 27. Qh4 Re8 28. e3 h6 29. Nc2 Bf5 30. Rbc1 Bxc2 31. Rxc2 Nxe3 32. Rxc8 Rxc8 33. Bd4 Nxd1 34. Bxb6 Rc1 35. Bf1 Nc3 36. Be3 Rb1 37. Kg2 Nce4 38. Bd3 Rb3 39. Bxe4 dxe4 40. b6 Rb4 41. Qf4 Nd5 42. Qb8+ Kh7 43. Qxb7 Nxe3+ 44. fxe3 Rb2+ 45. Kh3 f5 46. Qc7 Kg6 47. b7 Kh5 48. b8=Q g5 49. Qf7# 1-0

[Event "Titled Tuesday 2017.06.06"]
[Site "Chess.com INT"]
[Date "2017.06.06"]
[Round "9"]
[White "Golubka, Petro"]
[Black "Indricans, Olgerts"]
[Result "1-0"]
[WhiteElo "2441"]
[BlackElo "1776"]
[WhiteFideId "-1"]
[BlackFideId "-1"]
[PlyCount "127"]
[GameId "1515677440364544"]
[EventDate "2017.06.06"]
[EventType "swiss (blitz)"]
[EventRounds "10"]
[EventCountry "NET"]
[SourceTitle "EXT 2021"]
[Source "ChessBase"]
[SourceDate "2020.10.23"]
[SourceVersion "1"]
[SourceVersionDate "2020.10.23"]
[SourceQuality "1"]

1. e4 c5 2. c3 Nf6 3. e5 Nd5 4. d4 cxd4 5. cxd4 e6 6. Nf3 d6 7. Bd3 dxe5 8. Nxe5 Nc6 9. O-O Qb6 10. Nf3 Be7 11. Nc3 O-O 12. Be4 Nf6 13. Bc2 Rd8 14. Na4 Qc7 15. Bg5 Bd7 16. Nc3 Nb4 17. Bb3 h6 18. Bh4 Bc6 19. Ne5 Bd5 20. Nxd5 Nfxd5 21. Bg3 Qb6 22. Qh5 Rf8 23. Rad1 Nf6 24. Qh3 Nbd5 25. Rfe1 a5 26. Bh4 a4 27. Bxd5 Nxd5 28. Bxe7 Nxe7 29. Nd7 Qxb2 30. Nxf8 Rxf8 31. a3 Nd5 32. Rb1 Qd2 33. Red1 Qc2 34. Qd3 Qc6 35. Rdc1 Qd7 36. Qb5 Qe7 37. Qxa4 Nf4 38. Qd1 Qxa3 39. g3 Nd5 40. Rxb7 Qa6 41. Qb3 Kh7 42. Rb8 Rxb8 43. Qxb8 Qd3 44. Qb1 Qxb1 45. Rxb1 Kg6 46. Rb7 Kf6 47. Kf1 g5 48. Ke2 g4 49. Kd3 h5 50. Kc4 Kg6 51. Kc5 Nf6 52. Kd6 Ne4+ 53. Ke7 Nxf2 54. Kf8 f6 55. Ke7 Nd3 56. Kxe6 Ne1 57. d5 Nd3 58. Rc7 f5 59. d6 f4 60. d7 f3 61. d8=Q f2 62. Qe8+ Kg5 63. Qg8+ Kh6 64. Rh7# 1-0

[Event "Titled Tuesday 2017.06.06"]
[Site "Chess.com INT"]
[Date "2017.06.06"]
[Round "10"]
[White "Papp, Petra"]
[Black "Golubka, Petro"]
[Result "1-0"]
[WhiteElo "2371"]
[BlackElo "2441"]
[WhiteFideId "-1"]
[BlackFideId "-1"]
[PlyCount "72"]
[GameId "1515677440454656"]
[EventDate "2017.06.06"]
[EventType "swiss (blitz)"]
[EventRounds "10"]
[EventCountry "NET"]
[SourceTitle "EXT 2021"]
[Source "ChessBase"]
[SourceDate "2020.10.23"]
[SourceVersion "1"]
[SourceVersionDate "2020.10.23"]
[SourceQuality "1"]

1. e4 e5 2. Nf3 Nc6 3. Bb5 a6 4. Ba4 d6 5. O-O b5 6. Bb3 Nf6 7. c3 Be7 8. Re1 O-O 9. d4 Bg4 10. d5 Na5 11. Bc2 c6 12. h3 Bxf3 13. Qxf3 cxd5 14. exd5 Nc4 15. Nd2 Nb6 16. Nf1 Rc8 17. Ne3 g6 18. a4 Re8 19. axb5 axb5 20. Bd3 Nc4 21. Nxc4 bxc4 22. Bc2 Nd7 23. Ba4 Bf8 24. Bc6 e4 25. Qg3 Re5 26. Bf4 Bg7 27. Bxd7 Qxd7 28. Bxe5 Bxe5 29. Qe3 f5 30. Ra7 Rc7 31. Rea1 Bg7 32. Rxc7 Qxc7 33. Ra8+ Bf8 34. Qa7 Qxa7 35. Rxa7 h5 36. Rc7 h4 1-0